000 00834nam a22002297a 4500
003 UA-OsUOA
001 89380
007 ta
008 20121106b un ||||| |||| 00| 0 ukr d
090 _a81'1(477.87)
_bЮ14
942 _cBK
040 _aUA-OsUOA
_bukr
_cUA-OsUOA
_dUA-OsUOA
245 _aЮвілейний збірник на честь 80-річчя від дня народження професора Петра Лизанця
_cвідп. за вип. Горват К. І., Фабіан М. П.
300 _a696 с.
955 _a4
041 _aukr
080 _a81'1(477.87)
020 _a978-966-8760-98-3
260 _aУжгород
_bВАТ "Патент"
_c2010
650 7 _a8 Мовознавство. Художня література. Літературознавство
_2UDC
999 _c375668
_d375668